| 000 | 00356nam a2200145Ia 4500 | ||
|---|---|---|---|
| 008 | 230917s9999||||xx |||||||||||||| ||und|| | ||
| 040 |
_e203514 _aMAIN |
||
| 041 | _aEnglish | ||
| 082 | _a320.9171241 C771C | ||
| 100 | _aCook, Chris | ||
| 245 | 0 | _aCommonwalth political facts | |
| 260 |
_aLondon _bMacmillan _c1979 |
||
| 300 | _avii, 287 p. | ||
| 942 | _cBK | ||
| 999 |
_c205089 _d205089 |
||